| 000 | 01539nam a22002177a 4500 | ||
|---|---|---|---|
| 003 | OSt | ||
| 005 | 20240627094919.0 | ||
| 008 | 240627s2014 ag ||||| |||| 00| 1 spa d | ||
| 020 | _a978842642190 | ||
| 040 | _cbesoc | ||
| 100 | 1 |
_aAtwood, Margaret, _d1939-, _eautor |
|
| 245 | 1 | 0 |
_aChicas bailarinas / _cMargaret Atwood |
| 250 | _a1a ed. | ||
| 260 |
_aBuenos Aires : _bLumen, _c2014 |
||
| 300 | _a353 p. | ||
| 490 | 0 | _aLumen narrativa | |
| 505 | 0 | _aEl marciano -- Betty -- Polaridades -- Translúcida -- La tumba del famoso poeta -- Joyería capilar -- Cuando sucede -- Historia de un viaje -- El resplandeciente quetzal -- Aprendizaje -- Vidas de poetas -- Chicas bailarinas -- La Comepecados -- Dar a luz.- | |
| 520 | _aEn plena madurez literaria, Atwood reunió una espléndida colección de cuentos en este volumen titulado Chicas bailarinas. Se trata de doce piezas perfectas, donde la autora utiliza sabiamente todas las perspectivas, modulaciones y técnicas para dar cuenta de esos detalles que convierten una vida cualquiera en una aventura extravagante. Quien se acerque a los personajes de Atwood -amas de casa, estudiantes, periodistas, granjeros, ornitólogos, ex esposas y amantes adolescentes- descubrirá que cada voz tiene su tono, que el humor de pronto se convierte en tragedia, y que el talento de la autora se niega a las soluciones fáciles: nada es tópico en Atwood, pero todo es tan probable que casi parece real. [Nota del editor] | ||
| 654 | 4 |
_aLiteratura canadiense _vCuentos _ySiglo XXI |
|
| 942 |
_2udc _cOG _n0 |
||
| 999 |
_c266 _d266 |
||